| 000 | 00656nam a22001937a 4500 | ||
|---|---|---|---|
| 005 | 20251108173403.0 | ||
| 008 | 250721s2001 xx 000 0 ara d | ||
| 082 | 1 | 4 | _a343.096/بار |
| 100 | 1 |
_aالبارودي، علي _eمؤلف |
|
| 245 | 1 | 0 | _aالقانون البحري و الجوي / |
| 264 | 1 |
_aبيروت : _bمنشورات الحلبي الحقوقية، _c2001. |
|
| 300 | _a822ص. | ||
| 650 | 1 | 7 | _aالقانون البحري |
| 650 | 1 | 7 | _aالقانون الجوي الدولي |
| 700 | 1 |
_aالعريني، محمد فريد _eمؤلف |
|
| 700 | 1 |
_aالفقي، محمد السيد _eمؤلف |
|
| 942 |
_2ddc _cBK |
||
| 999 |
_c102711 _d102711 |
||